• 首页
  • 本馆介绍
  • 公告通知
  • 最新文献
  • 馆藏检索
  • 电子资源
  • 读者导购
  • 参考咨询
  • 我的图书馆
  • 登录
  • 详细信息显示
  • 放入我的书架
  • 预约/预借图书
  • 作者相关作品
  • 分类相关作品
  • 丛书相关作品
  • 出版社相关作品

书目信息

  • 表格格式
  • 工作单格式
  • 卡片格式
题名:
水生花卉
    
 
作者: 赵家荣 编著
分册:  
出版信息: 北京   中国林业出版社  2002
页数: 249页,[32]页图版
开本: 20cm
丛书名:
单 册:
中图分类: S682.32
科图分类:
主题词: 水生植物--花卉--基本知识
电子资源:
ISBN: 7-5038-2929-X
000 01147nam0 2200265 450
001 1573250060
005 20150129202916.56
010    @a7-5038-2929-X@dCNY38.00
100    @a20061005d2002 em y0chiy0121 ea
101 0  @achi@elat
102    @aCN@b110000
105    @aaf ac 001yy
200 1  @a水生花卉@9Shui Sheng Hua Hui@d= Aquatic Plant@zeng@f(植物学)赵家荣编著
210    @a北京@c中国林业出版社@d2002
215    @a249页,[32]页图版@c图,彩图@d20cm
300    @a并列题名:Aquatic Plant
320    @a有书目(第239-240)和索引。
330    @a本书是我国一部较全面论述水生花卉的专著。内容从水生花卉的涵义、作用、史话及发展前景讲起,系统地介绍了水生花卉的分类、繁殖与栽培、引种与育种、病虫害防治等。各论介绍了47科90属255种及87个具有代表性的形态特征、产地与习性、繁殖与栽培、用途等方面的科学知识与实用技术。并附墨线图102幅、彩图98幅。
333    @a本书可供农林院校师生教学使用,也适宜水生花卉生产及经营管理人员。水生花卉爱好者阅读。
510 1  @aAquatic Plant@zeng
606 0  @a水生植物@x花卉@x基本知识
690    @aS682.32@v5
701  0 @a赵家荣@9Zhao Jiarong@c(植物学)@4编著
801  0 @aCN@bTSSF@c20150129
905    @aZUCC@dS682.32@eJY70
    
    水生花卉= Aquatic Plant/(植物学)赵家荣编著.-北京:中国林业出版社,2002
    249页,[32]页图版:图,彩图;20cm
    并列题名:Aquatic Plant.-使用对象:本书可供农林院校师生教学使用,也适宜水生花卉生产及经营管理人员。水生花卉爱好者阅读。
    
    ISBN 7-5038-2929-X:CNY38.00
    本书是我国一部较全面论述水生花卉的专著。内容从水生花卉的涵义、作用、史话及发展前景讲起,系统地介绍了水生花卉的分类、繁殖与栽培、引种与育种、病虫害防治等。各论介绍了47科90属255种及87个具有代表性的形态特征、产地与习性、繁殖与栽培、用途等方面的科学知识与实用技术。并附墨线图102幅、彩图98幅。
●
相关链接 在E读中查询图书 在五车中查询图书 在当当中查询图书 在豆瓣中查询图书


正题名:水生花卉     索取号:S682.32/JY70         预约/预借

序号 登录号 条形码 馆藏地/架位号 状态 备注
1 7862079   278620798   学院路分馆/ [索取号:S682.32/JY70] 在馆    
2 7862080   278620805   学院路分馆/ [索取号:S682.32/JY70] 在馆    
唐山师范学院图书馆 欢迎您!
大连网信软件有限公司© 版权所有